Návrh zdokonalenia systému riadenia výkonnosti zamestnancov v spoločnosti Lear Corporation Seating Slovakia s.r.o.

Uložené v:
Podrobná bibliografia
Hlavný autor: Kostolanský, Martin (Autor)
Ďalší autori: Čambál, Miloš (Vedúci práce)
Médium: Rukopis Kniha
Jazyk:Slovak
Vydavateľské údaje: 2025
Predmet:
On-line prístup:http://is.stuba.sk/zp/portal_zp.pl?podrobnosti=183768
Tagy: Pridať tag
Žiadne tagy, Buďte prvý, kto otaguje tento záznam!

MARC

LEADER 00000ntm a22000003a 4500
001 stuzp104323
003 SK-STU
005 20250614212915.7
007 ta
008 150427s2015----xo-----f-mn---000-0-slo-d
040 |a STU  |b slo 
041 0 |a slo 
100 1 |a Kostolanský, Martin  |u 064000  |4 aut  |U MTF Materiálovotechnologická fakulta  |T MTF Ústav priemyselného inžinierstva a manažmentu  |X 111750  |U M4000  |Y 84  |7 111750 
242 0 1 |a Proposal for improvement of the employee performance management system in Lear Corporation Seating Slovakia  |y eng 
245 1 0 |a Návrh zdokonalenia systému riadenia výkonnosti zamestnancov v spoločnosti Lear Corporation Seating Slovakia s.r.o. 
260 |c 2025 
650 4 |a employees  |2 eng 
650 4 |a work performance  |2 eng 
650 4 |a performance  |2 eng 
650 4 |a zamestnanci  |2 slo 
650 4 |a pracovný výkon  |2 slo 
650 4 |a výkon  |2 slo 
650 4 |a výkonnosť  |2 slo 
700 1 |a Čambál, Miloš  |u 064000  |k Z1  |4 ths  |U MTF Materiálovotechnologická fakulta  |T MTF Ústav priemyselného inžinierstva a manažmentu  |X 279  |U M4000  |Y 84  |7 A000000279 
856 4 |u http://is.stuba.sk/zp/portal_zp.pl?podrobnosti=183768 
996 |c M* DP-15580  |l MMSKP  |s P  |a 0  |w stuzp104323_0001